The last raven

Bibliographic Details
Main Author: Thomas, Craig
Format: Book
Published: London : Guild Publishing , 1990

MARC

LEADER 00000cam a2200000 7i4500
001 0000038957
005 20000720.0
020
090 0 0 |a F   |b THO 
100 1 |a Thomas, Craig 
245 1 4 |a The last raven   |c Craig Thomas 
260 |a London :   |b Guild Publishing ,   |c 1990 
300 |a 431p. ;   |c 22cm. 
999 |a 00093889   |b BUKU   |c PINJAMAN   |e PERPUSTAKAAN KOMUNITI PETALING JAYA